000 00340nam a2200133Ia 4500
008 100328s9999 xx 000 0 und d
082 _b61737
100 _aतिबिले अनंत.
245 _aविकृत.
260 _bनंदादीप.
630 _aविकृत.
730 _aविकृत.
942 _cBOOK
999 _c547804
_d547801